Responses for Show #9064 - Thursday, March 21, 2024

2024 Jeopardy! Invitational Tournament quarterfinal game 2.

Contestants

[<< previous game]

Larissa Kelly, an editor from Richmond, California

Jason Zuffranieri, an upper school mathematics faculty member from Carrollton, Texas

Leonard Cooper, a doctoral student from Little Rock, Arkansas

[next game >>]

Jeopardy! Round responses

HISTORIC FIRSTS
CHARACTERS IN BOOK SERIES
TRANSPORTATION
THERE WILL BE A TEST ON THIS
THE CINEMA IN 2023
4-LETTER HOMOPHONES
    $200 30
Tetris

Larissa
    $200 28
Sweet Valley High

Jason
    $200 29
the Métro

Jason
    $200 27
the SAT

Leonard
    $200 26
The Little Mermaid

Larissa
    $200 25
bail/bale

Jason
    $400 14
John Paul II

Leonard
    $400 22
(Jason: What is... You Only Live Twice?)

Live and Let Die

Jason
Triple Stumper
    $400 11
bullet trains

Leonard
    $400 24
moose

Jason
    $400 9
GameStop

Jason
    $400 23
dual/duel

Jason
    $600 13
the Industrial Revolution

Larissa
    $600 1
Curious George

Larissa
    $600 12
e-bikes (electric bikes)

Triple Stumper
    $600 7
steroids

Larissa
    $600 6
H.E.R.

Larissa
    $600 19
fore/four

Leonard
    $800 15
Ataturk

Jason
    $800 3
Divergent

Larissa
    $800 20
a Cayenne

Leonard
    $4,600 8
the imitation game

Larissa
    $800 2
Saltburn

Leonard
    $800 18
cite/site

Larissa
    $1000 16
(Leonard: Who is Boutros Boutros?)

Boutros Boutros-Ghali

LeonardJason
    $1000 4
(Leonard: What is The Hound of the Baskervilles?)

A Study in Scarlet

LeonardLarissa
    $1000 21
LOT

Triple Stumper
    $1000 10
pH (acidity)

Larissa
    $1000 5
Ferrari

Larissa
    $1000 17
flea/flee

Jason

Scores at the first commercial break (after clue 15):

Leonard Jason Larissa
$600 $1,200 $10,800

Scores at the end of the Jeopardy! Round:

Leonard Jason Larissa
$1,200 $4,200 $12,000

Double Jeopardy! Round responses

THE LOCALS
IN YOUR ELEMENT
(Ken: You'll need to tell us the word hidden in the element whose symbol we give you.)
NOTABLE NAMES
ON THE NOSE
CLASSIC TV
IDIOMS & EXPRESSIONS
    $400 25
(Larissa: Sorry, Jason.)

Albuquerque

Larissa
    $400 26
mine (in bromine)

Leonard
    $400 27
Rosa Parks

Leonard
    $400 28
a septum

Larissa
    $400 29
The Dick Van Dyke Show

Larissa
    $400 30
the details

Larissa
    $800 24
Cockneys

Larissa
    $800 1
TASS (in poTASSium)

Jason
    $800 23
Graham

Jason
    $800 18
Red Nose Day

Leonard
    $800 10
The Lone Ranger

Jason
    $800 9
fit to be tied

Jason
    $1200 16
Castes

Larissa
    $1200 2
Agnes (in mAgnesium)

Leonard
    $1200 17
Caruso

Larissa
    $1200 19
the grindstone

Larissa
    $1200 6
(Jason: Who is Marx?)
(Ken: Can you be more specific?)

Groucho Marx

Jason
    $1200 20
to forgive divine

Leonard
    $1600 15
Lidia Bastianich

Larissa
    $2,400 3
Horus (in phospHorus)

Leonard
    $1600 5
the Earl of Oxford (Edward de Vere)

Larissa
    $1600 21
proboscis monkeys

Larissa
    $1600 7
Murder, She Wrote

Jason
    $1600 13
(Larissa: What is Archimedes' law?)
...
(Ken: He said [*], so give me a drink.)
[Laughter]

nature abhors a vacuum

Larissa
Triple Stumper
    $2000 14
Aguascalientes

Triple Stumper
    $2000 4
Timon (in AnTimony)

Leonard
    $9,400 11
(Jason: I'm contractually obligated to bet everything.)
(Ken: Well, you're not, but you can choose to.)

Keynes

Jason
    $2000 22
Gogol

Larissa
    $2000 8
Hill Street Blues

Larissa
    $2000 12
a rising tide lifts all boats

Triple Stumper

Scores at the end of the Double Jeopardy! Round:

Leonard Jason Larissa
$9,600 $19,600 $25,200

[wagering suggestions for these scores]

Final Jeopardy! Round responses

20th CENTURY NOVELS
(Ken: [To Leonard] He started to write one of Woolf's own books, "To the Lighthouse", and changed it to [*]... She was not a fan of James Joyce and her press actually turned that book down.)
...
(Ken: [To Jason] Oh, different modernist novel.)
LeonardWhat is To the Li Ulysses
$4,700
JasonWhat is The Sound & the Fury?
$6,000
LarissaWhat is Ulysses?
$15,000
Ulysses

Final scores:

Leonard Jason Larissa
$14,300 $13,600 $40,200
2nd place: $5,000 3rd place: $5,000 Winner: semifinalist

Game dynamics:

Coryat scores:

Leonard Jason Larissa
$8,800 $12,200 $21,400
13 R
(including 1 DD),
2 W
16 R
(including 1 DD),
1 W
25 R
(including 1 DD),
1 W

Combined Coryat: $42,400

[game clues] [game scores] [suggest correction]

Game tape date: 2024-02-26
The J! Archive is created by fans, for fans. Scraping, republication, monetization, and malicious use prohibited; this site may use cookies and collect identifying information. See terms. The Jeopardy! game show and all elements thereof, including but not limited to copyright and trademark thereto, are the property of Jeopardy Productions, Inc. and are protected under law. This website is not affiliated with, sponsored by, or operated by Jeopardy Productions, Inc. Join the discussion at JBoard.tv.